00783nam a2200265Ia 4500008004000000020001500040041000800055082001700063100002000080245005700100260005000157300000800207650001000215650000700225650001500232650000800247650001200255650001100267650001600278650000600294690002200300906001100322999001900333952016500352210210b1996 xxu||||| |||| 00| 0 eng d a8170542047 aeng a823.009 BARG aBARAT (Urbashi) aGraham Greene: a study of his novelistic development aNew DelhibClassical publishing companyc1996 a215 astudy aof anovelistic ahis aGreene: aGraham adevelopment aa aEnglish Criticism a063441 c136174d136174 001040708EnglishaALbALcEnglish Literatured2021-02-17eShri Krishna Sahitya Sansthang300.00l0o823.009 BARGp063441r2021-02-17 00:00:00w2021-02-17yBK